00259nam a2200097 a 4500008004100000050001900041100001700060245003200077246004300109350000900152120416s9999 xx |||||||||||||| || u aBL 2480.M3 Dan aDaneel, M. L14aThe God of the Matopo Hills aan essay on the Mwari cult in Rhodesia a0.00